Causality, probability, and time (Record no. 25652)

MARC details
000 -LEADER
fixed length control field 00600nam a22001937a 4500
003 - CONTROL NUMBER IDENTIFIER
control field OSt
005 - DATE AND TIME OF LATEST TRANSACTION
control field 20221101141555.0
008 - FIXED-LENGTH DATA ELEMENTS--GENERAL INFORMATION
fixed length control field 221101b |||||||| |||| 00| 0 eng d
020 ## - INTERNATIONAL STANDARD BOOK NUMBER
International Standard Book Number 9781139207799
100 ## - MAIN ENTRY--PERSONAL NAME
Personal name Kleinberg, Samantha
Relator term Author
245 ## - TITLE STATEMENT
Title Causality, probability, and time
Statement of responsibility, etc by Samantha Kleinberg
260 ## - PUBLICATION, DISTRIBUTION, ETC. (IMPRINT)
Name of publisher, distributor, etc Cambridge university press
Date of publication, distribution, etc 2012
653 ## - INDEX TERM--UNCONTROLLED
Uncontrolled term Philosophy of Science
653 ## - INDEX TERM--UNCONTROLLED
Uncontrolled term Computer Science
653 ## - INDEX TERM--UNCONTROLLED
Uncontrolled term Philosophy
653 ## - INDEX TERM--UNCONTROLLED
Uncontrolled term Artificial Intelligence and Natural Language Processing
856 ## - ELECTRONIC LOCATION AND ACCESS
Uniform Resource Identifier <a href="https://doi.org/10.1017/CBO9781139207799">https://doi.org/10.1017/CBO9781139207799</a>
942 ## - ADDED ENTRY ELEMENTS (KOHA)
Source of classification or shelving scheme Dewey Decimal Classification
Koha item type E-book
Holdings
Withdrawn status Lost status Source of classification or shelving scheme Damaged status Not for loan Home library Current library Date acquired Total Checkouts Barcode Date last seen Price effective from Koha item type
    Dewey Decimal Classification     Central University Of Rajasthan Central University Of Rajasthan 01/11/2022   EB3315 01/11/2022 01/11/2022 E-book